| 000 | 00331nam a22001457a 4500 | ||
|---|---|---|---|
| 003 | SGT | ||
| 082 |
_a617.69 _bO23J |
||
| 100 | _aJuneja, Mona | ||
| 245 | _aObstructive Sleep Apnea | ||
| 260 |
_aGurugram, Haryana _bSGT University _c2023 |
||
| 300 | _a148 | ||
| 650 | _aProsthodontics | ||
| 653 | _aProsthodontics | ||
| 942 |
_2ddc _cTH |
||
| 999 |
_c23809 _d23809 |
||